000 00800nam a2200205 a 4500
001 000337761
003 AM-YeHGA
005 20250618072116.0
008 040525s1973 ai a||||r|||||||||1|arm|d
040 _aAM-YeHGA
041 1 _aarm
_hrus
245 1 0 _aՄրջնայուղ :
_bՊատմվածքներ /
_cՌ. Պոգոդին ; Թարգմ.՝ Վ. Դովլաթյան ; Խմբ.՝ Ա. Ղուկասյան ; Նկ.՝ Վ. Լադյագին.
260 _aԵրևան :
_bՀայաստան,
_c1973.
300 _a72 էջ :
_bնկ. ;
_c22 սմ.
650 1 0 _aՌուս գրականություն
_xՊատմվածք
_94645
700 1 _aԴովլաթյան, Վ.
_eթարգմ.
_4trl
700 1 _aՂուկասյան, Ամալյա Արմենակի,
_d1928-2016
_eխմբ.
_4edt
_92664
942 _2udc
_cBK
090 _c128929
999 _c127566
_d127566